Idea of a university (Record no. 2187)

MARC details
000 -LEADER
fixed length control field 00499cam a2200193ua 4500
001 - CONTROL NUMBER
control field 2330
005 - DATE AND TIME OF LATEST TRANSACTION
control field 20260515113456.0
008 - FIXED-LENGTH DATA ELEMENTS--GENERAL INFORMATION
fixed length control field 110806n ii |||gr||||Z||||||eng
040 ## - CATALOGING SOURCE
Transcribing agency MAIN
082 ## - DEWEY DECIMAL CLASSIFICATION NUMBER
Classification number 378
100 ## - MAIN ENTRY--PERSONAL NAME
Personal name Newman, John henry cardinal,
Relator term Author.
245 1# - TITLE STATEMENT
Title Idea of a university
Statement of responsibility, etc. by John Henry cardinal Newman
250 ## - EDITION STATEMENT
Edition statement 1st.
260 ## - PUBLICATION, DISTRIBUTION, ETC.
Place of publication, distribution, etc. New york:
Name of publisher, distributor, etc. Holtrinehart and winston,966.
300 ## - PHYSICAL DESCRIPTION
Extent 428p:9cm.
653 ## - INDEX TERM--UNCONTROLLED
Uncontrolled term Education
653 ## - INDEX TERM--UNCONTROLLED
Uncontrolled term Idea of a university
942 ## - ADDED ENTRY ELEMENTS (KOHA)
Koha item type Books
Holdings
Withdrawn status Lost status Damaged status Not for loan Home library Current library Shelving location Date acquired Total checkouts Full call number Barcode Date last seen Copy number Price effective from Koha item type
        Naharkatiya College Library Naharkatiya College Library General stacks 09/19/2020   378 | NEW 11268 09/19/2020 1 09/19/2020 Books